| 000 | 00790nam a2200217Ii 4500 | ||
|---|---|---|---|
| 003 | JO-AjNU | ||
| 008 | 230605s9999||||xx |||||||||||||| ||und|| | ||
| 017 | _a2003/8/1888 | ||
| 040 |
_aJO-AjNU _bara _erda _cJO-AjNU |
||
| 041 | _aara | ||
| 050 | 1 | 4 | _aBP135.8.H5.K4642 2004 |
| 100 | 3 |
_aتاليف خليل، عماد الدين، م.مشارك حسن مظفر الرزو, _eauthor _952557 |
|
| 245 | 0 | 0 | _aدليل التاريخ والحضارة الإسلامية في الأحاديث النبوية |
| 250 | _aط1 | ||
| 264 | 3 | 1 | _aعمان: دار الرازي للطباعة والنشر، 2004 |
| 300 | _a367ص | ||
| 336 |
_atext _btxt _2rdacontent |
||
| 337 |
_aunmediated _bn _2rdamedia |
||
| 338 |
_avolume _bnc _2rdacarrier |
||
| 650 | 4 |
_aالتاريخ الاسلامي _952558 |
|
| 999 |
_aA23289 _c26857 _d26857 |
||